|
|
|
|
| LEADER |
00937nam a2200325 4500 |
| 001 |
DLU060053626 |
| 040 |
# |
# |
|a DLU
|b vie
|
| 041 |
# |
# |
|a vie
|
| 044 |
# |
# |
|a vn
|
| 100 |
# |
# |
|a Đinh Xuân Dũng.
|
| 245 |
# |
# |
|a Trí tuệ siêu việt trong một báo cáo của Nguyễn Ái Quốc /
|c Đinh Xuân Dũng.
|
| 600 |
# |
# |
|a Hồ Chí Minh,
|d 1890-1969
|
| 600 |
# |
# |
|a Nguyễn Ái Quốc,
|d 1890-1969
|
| 653 |
# |
# |
|a Đấu tranh giai cấp
|
| 653 |
# |
# |
|a Chủ nghĩa Mác - Lênin
|
| 653 |
# |
# |
|a Tư tưởng Hồ Chí Minh
|
| 773 |
# |
# |
|t Văn hoá nghệ thuật
|g Số 5, 2006, tr. 4-7
|
| 920 |
# |
# |
|a Phòng Tạp chí -- Trung tâm Thông tin - Thư viện Trường Đại học Đà Lạt
|
| 933 |
# |
# |
|a DP
|
| 933 |
# |
# |
|a LS
|
| 933 |
# |
# |
|a VN
|
| 994 |
# |
# |
|a DLU
|
| 900 |
# |
# |
|a True
|
| 911 |
# |
# |
|a Nguyễn Thị Minh Cầm
|
| 925 |
# |
# |
|a G
|
| 926 |
# |
# |
|a A
|
| 927 |
# |
# |
|a BB
|
| 980 |
# |
# |
|a Thư viện Trường Đại học Đà Lạt
|